000 01148nam a22002657a 4500
001 BRCA_9418
003 FranzMayer
005 20230918130156.0
008 230906b |||||||| |||| 00| 0 eng d
040 _aMFM
_bESPAÑOL
_cMFM
050 0 _aN5015
_bA44 1999
110 1 _4Responsable
_aThe American Federation of Art
_929631
240 _a90th Anniversary. The American Federation of Art
_hExhibitions Program 1999
_lInglés
245 0 _a90th Anniversary. The American Federation of Art
_bExhibitions Program 1999
260 _aEE.UU.
_bThe American Federation of Art
_c1999
300 _a127 p
_bIlustraciones a color
_c22 cm
500 _aAnexo 1
505 _aTexto en: inglésIncluye índice temáticoIncluye directorioDirigido a: historiadores de arte, artistas, personas con interés en el arte estadounidense
650 1 _2Artes visuales
_aExhibiciones
_vExhibiciones en EE.UU.
_929632
651 2 _2Estados Unidos de América
_aThe American Federation of Art
_v1999
_929633
700 1 _4Coord
_aMitchell, Michaelyn
_929634
700 1 _4Diseño
_aKelly, Jerry
_929635
700 1 _4Port
_aDegas, Edgar
_929636
942 _2lcc
_cB
999 _c11040
_d11040